000 00496nam a2200193Ia 4500
003 GCL
008 140319s9999 xx 000 0 eng d
020 _a9280512917
040 _aGCL /
_cGCL
082 0 4 _a346.048
_bW W
245 1 0 _aWIPO INTELLECTUAL PROPERTY HANDBOOK
250 _aSECOND
260 _aسويسرا :
_bWIPO PUBLICATION ،
_c2004
300 _a32 CM ؛
_c460 P
650 0 4 _aINTELLECTUAL PROPERTY
650 0 4 _aCOPYRIGHT
650 0 4 _aINTERNATIONAL LAW
942 _2ddc
_cBK
999 _c7300
_d7300